| 000 | 00852nam a2200229Ia 4500 | ||
|---|---|---|---|
| 003 | OSt | ||
| 005 | 20220923212632.0 | ||
| 006 | a|||||r|||| 00| 0 | ||
| 007 | ta | ||
| 008 | 220922b |||||||| |||| 00| 0 hin d | ||
| 024 | _a154,747 | ||
| 037 | _cTextual | ||
| 040 |
_aARTS _cARTS _bhin |
||
| 041 |
_2hin _ahin |
||
| 082 | _aO1520Y115, K8 | ||
| 100 |
_aदुबे, माधुरी _9156291 |
||
| 245 | 0 |
_aहिन्दी साहित्य के कुछ नारीपात्र _b भानवी रूप में विवेचन एवं पुनर्मल्यंाकन |
|
| 246 | _aHindī sāhitya ke kuchh nārīpātra: bhānavī rūp mean vivechan evan punarmalyanākana | ||
| 260 | _c1968 | ||
| 942 |
_hO1520Y115, K8 _cTEXL _2CC |
||
| 999 |
_c310369 _d310369 |
||